| 000 | 00890nam a22002297a 4500 | ||
|---|---|---|---|
| 003 | BPGM | ||
| 008 | 260617s mx a||||r|||| 001 | spa d | ||
| 020 | _aSIN ISBN | ||
| 040 | _bSPA | ||
| 041 |
_aSPA _hSPA |
||
| 082 | 0 | 4 |
_2PRIMERA EDICIÓN _aPTM / 868.6409 _bF53 |
| 100 | _aFIGUEROA, JULIO | ||
| 245 |
_aQUERETANAS 97 _bBITÁCORA POLÍTICA PERSONAL |
||
| 260 |
_aQUERÉTARO, MÉXICO _bEDICIONES SANGREMAL _c1999 |
||
| 300 |
_a204 PÁGINAS; _c21.4 CM X 14.6 CM |
||
| 336 |
_2rdacontent _atexto _btxt |
||
| 337 |
_2rdamedia _asin mediación _bn |
||
| 338 |
_2rdacarrier _avolumen _bnc |
||
| 505 | _aAQUÍ ESTÁN COMPRIMIDAS LAS TRES COSAS Y ALGO MÁS: LA OBSESIÓN PERSONAL POR LO QUE SUCEDE AL OTRO Y POR LO QUE EL OTRO HACE QUE SUCEDA ES LA REVUELTA DE LOS GÉNEROS PARA LEVANTAR ACTA DE UN TIEMPO TURBULENTO QUE AÚN HUMEA. | ||
| 650 | _2ESCRITOS VARIOS ESPAÑOLES | ||
| 942 |
_2ddc _cCOLQ |
||
| 999 |
_c68611 _d68611 |
||